Loading...
| Science - Biology | 0 | 3 | 0 | 1 | 30 | 103 | 114.33 | 0 | 0 |
| Literature - American Literature | 0 | 2 | 0 | 0 | 20 | 77 | 93.50 | 0 | 2 |
| Literature - World/Other Literature | 0 | 2 | 0 | 0 | 20 | 76 | 106.00 | 0 | 2 |
| Science - Other Science | 0 | 2 | 0 | 1 | 20 | 120 | 125.50 | 0 | 1 |
| Mythology | 0 | 2 | 0 | 2 | 20 | 133 | 134.50 | 0 | 0 |
| Science - Physics | 0 | 1 | 0 | 0 | 10 | 87 | 87.00 | 0 | 0 |
| Fine Arts - Other Fine Arts | 0 | 1 | 0 | 0 | 10 | 138 | 138.00 | 0 | 1 |
| Pop Culture | 0 | 1 | 0 | 0 | 10 | 119 | 119.00 | 0 | 1 |
| Literature - British Literature | 0 | 1 | 1 | 0 | 5 | 129 | 129.00 | 0 | 0 |
| History - American History | 0 | 0 | 0 | 0 | 0 | 0.00 | 0 | 0 | |
| Philosophy | 0 | 0 | 0 | 0 | 0 | 0.00 | 0 | 0 | |
| Fine Arts - Classical Music | 0 | 0 | 0 | 0 | 0 | 0.00 | 0 | 0 | |
| Religion | 0 | 0 | 0 | 0 | 0 | 0.00 | 0 | 0 | |
| Geography/Current Events | 0 | 0 | 0 | 0 | 0 | 0.00 | 0 | 0 | |
| Science - Chemistry | 0 | 0 | 0 | 0 | 0 | 0.00 | 0 | 0 | |
| Fine Arts - Visual Fine Arts | 0 | 0 | 1 | 0 | -5 | 0.00 | 0 | 0 | |
| Literature - European Literature | 0 | 0 | 1 | 0 | -5 | 0.00 | 0 | 0 |